Vol. 6, ser. 2, № 14-26; La lumière électrique

Manylion Llyfryddiaeth
Parent link:La lumière électrique: journal universel d'electricite. Vol. 6, ser. 2, № 14-26.— , 1879-1914
Iaith:Ffrangeg
Cyhoeddwyd: 1909
Fformat: Llyfr
KOHA link:https://koha.lib.tpu.ru/cgi-bin/koha/opac-detail.pl?biblionumber=540146

MARC

LEADER 00000nam2a2200000 4500
001 540146
005 20231101114518.0
035 |a (RuTPU)RU\TPU\prd\230043 
035 |a RU\TPU\prd\230039 
090 |a 540146 
100 |a 20150121c1909 k y0frey50 ba 
101 0 |a fre 
102 |a FR 
200 0 |a Vol. 6, ser. 2, № 14-26 
210 |d 1909 
461 1 |0 (RuTPU)RU\TPU\prd\199  |t La lumière électrique  |o journal universel d'electricite  |v Vol. 6, ser. 2, № 14-26  |d 1879-1914 
801 0 |a RU  |b 63413507  |c 20010227  |g PSBO 
801 1 |a RU  |b 63413507  |c 20141218 
801 2 |a RU  |b 63413507  |c 20150121  |g RCR 
942 |c BK 
999 |a НТБ_ТПУ  |b НФ  |e -4/20140109  |p П-132  |u 130,00  |v 1  |x 4277